000 00714nam a2200289Ia 4500
005 20260324141929.0
008 008 260324s9999 xx 000 0 eng d
020 _a9781315853277
037 _aEBOOK
040 _aCRL
040 _beng
040 _cCRL
041 _2eng
041 _aeng
084 _qCRL
100 _aLloyd E. Mc Cleary; Gary M. Crow; L. Joseph Matthews
_91210045
245 0 _aLeadership
245 2 _bA Relevant and Realistic Role for Principals
260 _bTaylor and Francis
260 _c1996
365 _a
365 _b42.99
856 _uhttp://www.taylorfrancis.com/books/9781315853277
942 _cEBOOK
999 _c1813664
_d1813664